[Event "Muensterland Regionalliga 1314"]
[Site "Germany"]
[Date "2013.09.07"]
[Round "1.6"]
[White "Simons, Dirk"]
[Black "Niermann, Rainer"]
[Result "0-1"]
[WhiteElo "1825"]
[BlackElo "2055"]
[PlyCount "38"]
[EventDate "2013.09.07"]
[EventType "team-tourn"]
[EventRounds "9"]
[EventCountry "GER"]
[SourceTitle "EXT 2015"]
[Source "ChessBase"]
[SourceDate "2014.11.20"]
[SourceVersion "1"]
[SourceVersionDate "2014.11.20"]
[SourceQuality "1"]
[WhiteTeam "Muenster SK III"]
[BlackTeam "Muenster SK II"]
[WhiteTeamCountry "GER"]
[BlackTeamCountry "GER"]

1. e4 e6 2. d4 d5 3. Nc3 Bb4 4. e5 c5 5. a3 Bxc3+ 6. bxc3 Ne7 7. Qg4 Qc7 8. Bd2 cxd4 9. cxd4 Qxc2 10. Ne2 Nbc6 11. Nc3 Qg6 12. Qf4 0-0 13. h4 f6 14. h5 Qf5 15. Qh4 fxe5 16. g4 Qf7 17. dxe5 Nxe5 18. 0-0-0 Bd7 19. g5 Qxf2 0-1

[Event "Muensterland Verbandsliga 1213"]
[Site "Germany"]
[Date "2012.09.22"]
[Round "1.4"]
[White "Keller, Dirk"]
[Black "Simons, Dirk"]
[Result "1-0"]
[WhiteElo "1974"]
[BlackElo "1876"]
[PlyCount "27"]
[EventDate "2012.09.22"]
[EventType "team-tourn"]
[EventRounds "9"]
[EventCountry "GER"]
[SourceTitle "EXT 2015"]
[Source "ChessBase"]
[SourceDate "2014.11.20"]
[SourceVersion "1"]
[SourceVersionDate "2014.11.20"]
[SourceQuality "1"]
[WhiteTeam "Nienberge"]
[BlackTeam "Muenster SK III"]
[WhiteTeamCountry "GER"]
[BlackTeamCountry "GER"]

1. d4 Nf6 2. c4 e6 3. Nf3 b6 4. g3 Bb7 5. Bg2 c5 6. d5 exd5 7. Nh4 g6 8. Nc3 Bg7 9. 0-0 0-0 10. Bg5 h6 11. Bxf6 Bxf6 12. Nxg6 fxg6 13. Bxd5+ Bxd5 14. Qxd5+ 1-0